| 000 | 00525nam a2200181Ia 4500 | ||
|---|---|---|---|
| 999 |
_c32639 _d32639 |
||
| 003 | OSt | ||
| 005 | 20201013101726.0 | ||
| 008 | 190216s9999||||xx |||||||||||||| ||und|| | ||
| 020 | _a9788178793542 | ||
| 040 | _coclc | ||
| 082 |
_a796.06 _bCHA/S |
||
| 100 |
_aChakraborty, Samiran _95623 |
||
| 245 | 0 |
_aSports Management / _cSamiran Chakraborty |
|
| 260 |
_bPrerna Prakashan, _c2007. _aNew Delhi: |
||
| 300 | _a233p | ||
| 650 | _aPhysical Education | ||
| 942 |
_cBK _2ddc _h796.06 _iCHA/S _k796.06 _mCHA/S |
||